000 00688nam a2200253Ia 4500
003 OSt
005 20220927105246.0
006 a|||||r|||| 00| 0
007 ta
008 220926b |||||||| |||| 00| 0 eng d
020 _a0826476929
024 _a173879
037 _cReference Collections
040 _aRTL
_cRTL
_beng
041 _2eng
_aeng
082 _a"0111;g, P5"
100 _aBLOOM Harold etc
_9371322
245 0 _aDeconstruction and criticism
260 _aLondon
_bContinuum
_c2005
300 _a"x,208p"
_ccm.
650 _aEnglish litersture
_9371323
942 _h"0111;g, P5"
_cCC
999 _c691538
_d691538